[Event "5. OPEN International Championship of Vo"]
[Site "Novi Sad - MASTER CENTAR - SAJ"]
[Date "2014.07.13"]
[Round "3.27"]
[White "Juhasz, Bencze"]
[Black "Ljubinkovic, Miodrag"]
[Result "0-1"]
[WhiteElo "2033"]
[BlackElo "2254"]
[PlyCount "102"]
[EventDate "2014.07.12"]

1. Nf3 c6 2. d4 d5 3. c4 Nf6 4. Nc3 e6 5. e3 Bd6 6. Qc2 Nbd7 7. b3 Qe7 8. Be2
O-O 9. Bb2 a6 10. O-O Re8 11. Rfd1 b5 12. e4 b4 13. e5 bxc3 14. exd6 Qxd6 15.
Bxc3 Ne4 16. Bb2 Bb7 17. Nd2 Nxd2 18. Rxd2 a5 19. Rc1 Rec8 20. Rd3 Nf8 21. Rg3
f5 22. Bc3 Ng6 23. Re1 Rf8 24. Qd2 Rf6 25. Bxa5 f4 26. Rh3 c5 27. dxc5 Qxc5 28.
Bb4 Qc7 29. Bc3 d4 30. Bxd4 e5 31. Bc3 Rd6 32. Qb2 Re8 33. a4 e4 34. a5 Rdd8
35. Bf1 f3 36. Rg3 Re7 37. Rg5 fxg2 38. Bxg2 Qf4 39. Rg3 Nh4 40. Bxg7 Kf7 41.
Bd4 Nxg2 42. Rxg2 Rg8 43. Be3 Rxg2+ 44. Kxg2 Qf3+ 45. Kg1 Re6 46. Qd4 Bc8 47.
Qa7+ Kg8 48. Qb8 Rg6+ 49. Kf1 Qg4 50. Rc1 Qd7 51. Bd4 Qh3+ 0-1

[Event "5. OPEN International Championship of Vo"]
[Site "Novi Sad - MASTER CENTAR - SAJ"]
[Date "2014.07.13"]
[Round "3.28"]
[White "Desnica, Vladan"]
[Black "Petrovic, Marija"]
[Result "1-0"]
[WhiteElo "2254"]
[BlackElo "2087"]
[PlyCount "121"]
[EventDate "2014.07.12"]

1. d4 d5 2. Nf3 c6 3. c4 Nf6 4. e3 Qb6 5. Nc3 Bg4 6. h3 Bxf3 7. Qxf3 e6 8. Bd3
Nbd7 9. O-O Be7 10. Rb1 O-O 11. cxd5 cxd5 12. Bd2 Rfc8 13. Rfc1 Qd8 14. Qd1 Nb6
15. b3 Bb4 16. a4 a6 17. Qe1 a5 18. Nb5 Bxd2 19. Qxd2 Rc6 20. Rb2 Nbd7 21. Rbc2
Qb6 22. Qd1 g6 23. Qe2 Rac8 24. e4 dxe4 25. Bxe4 Nxe4 26. Qxe4 Nf6 27. Qe2 Nd5
28. Rc4 Qd8 29. Qe5 Nb4 30. R1c3 Qd5 31. Nd6 Rxc4 32. Rxc4 Rxc4 33. Nxc4 Nc6
34. Qc7 Qxd4 35. Qxb7 Qd1+ 36. Kh2 Qd5 37. Qc7 g5 38. Nd6 Ne5 39. Qd8+ Kg7 40.
Ne8+ Kf8 41. Nd6+ Kg7 42. Qxg5+ Ng6 43. Qxd5 exd5 44. Kg3 Kf6 45. Nb7 Ke5 46.
Nxa5 d4 47. Nc4+ Kd5 48. a5 Ne7 49. Kf4 Nc6 50. a6 Na7 51. g4 Nb5 52. g5 Na7
53. h4 Nc6 54. h5 Na7 55. h6 Nb5 56. Ne5 Ke6 57. Nc6 Kd5 58. a7 Nc7 59. Ne5 Ke6
60. Ke4 f6 61. g6 1-0

[Event "5. OPEN International Championship of Vo"]
[Site "Novi Sad - MASTER CENTAR - SAJ"]
[Date "2014.07.13"]
[Round "3.29"]
[White "Beslin, Igor"]
[Black "Kumic, Filip"]
[Result "0-1"]
[WhiteElo "2066"]
[BlackElo "2248"]
[PlyCount "64"]
[EventDate "2014.07.12"]

1. e4 c5 2. Nf3 d6 3. d4 cxd4 4. Nxd4 Nf6 5. Nc3 a6 6. Be3 Nc6 7. Be2 e5 8. Nb3
Be6 9. O-O Rc8 10. f4 exf4 11. Bxf4 Ne5 12. Qd4 Qc7 13. Nd5 Bxd5 14. exd5 Be7
15. c4 Nfd7 16. Rac1 O-O 17. Nd2 Bf6 18. Qf2 Ng6 19. b3 Nxf4 20. Qxf4 Qb6+ 21.
Kh1 Be5 22. Qf5 Nc5 23. Rf3 g6 24. Qg5 Bg7 25. Rh3 Rce8 26. Qh4 h6 27. Bf3 Nd3
28. Rf1 g5 29. Qg3 Be5 30. Qg4 Nf2+ 31. Rxf2 Qxf2 32. Be2 Bd4 0-1

[Event "5. OPEN International Championship of Vo"]
[Site "Novi Sad - MASTER CENTAR - SAJ"]
[Date "2014.07.13"]
[Round "3.30"]
[White "Cvetanovic, Damjan"]
[Black "Titov, Ivan"]
[Result "1/2-1/2"]
[WhiteElo "2027"]
[BlackElo "2215"]
[PlyCount "93"]
[EventDate "2014.07.12"]

1. d4 Nc6 2. c4 e5 3. d5 Nce7 4. e4 Ng6 5. g3 Bc5 6. Be3 Bxe3 7. fxe3 d6 8. Nc3
Nh6 9. Qd2 O-O 10. O-O-O f5 11. exf5 Bxf5 12. h3 Qg5 13. e4 Qxd2+ 14. Kxd2 Bd7
15. Be2 Rf6 16. Nf3 Raf8 17. Rdf1 Nh8 18. Ng5 N8f7 19. Nxf7 R6xf7 20. Ke3 Rxf1
21. Rxf1 Rc8 22. g4 g5 23. b4 Kg7 24. Rf2 Ng8 25. h4 gxh4 26. Rh2 Ne7 27. Rxh4
Ng6 28. Rh2 h6 29. Bf3 a6 30. Ne2 c6 31. Kd3 cxd5 32. exd5 b5 33. cxb5 Bxb5+
34. Kd2 Rc4 35. a3 Nf4 36. Ng3 Bd7 37. Nh5+ Kg6 38. Nxf4+ Rxf4 39. Ke3 Bb5 40.
Rc2 Rc4 41. Rxc4 Bxc4 42. Be2 Bxe2 43. Kxe2 Kf6 44. a4 Ke7 45. Ke3 Kd7 46. Ke4
Kc7 47. a5 1/2-1/2

[Event "5. OPEN International Championship of Vo"]
[Site "Novi Sad - MASTER CENTAR - SAJ"]
[Date "2014.07.13"]
[Round "3.31"]
[White "Gavrilovic, Leonardo"]
[Black "Van Kempen, Roderick"]
[Result "1-0"]
[WhiteElo "2267"]
[BlackElo "1978"]
[PlyCount "59"]
[EventDate "2014.07.12"]

1. Nf3 Nf6 2. c4 e6 3. g3 c6 4. Bg2 d5 5. O-O Bd6 6. Qc2 Nbd7 7. d3 O-O 8. Nc3
a6 9. e4 dxe4 10. dxe4 Re8 11. Rd1 Qc7 12. h3 b5 13. Bg5 Bb7 14. Bxf6 gxf6 15.
Qd2 Bxg3 16. fxg3 Rad8 17. Qf2 b4 18. Ne2 c5 19. Nh4 Qe5 20. Nf4 Nb6 21. Nd3
Rxd3 22. Rxd3 Nxc4 23. Rb1 Bxe4 24. Bxe4 Qxe4 25. Rbd1 Kg7 26. Rf3 Qe5 27. Rf1
f5 28. Re1 Qxb2 29. Nxf5+ exf5 30. Rxe8 1-0

[Event "5. OPEN International Championship of Vo"]
[Site "Novi Sad - MASTER CENTAR - SAJ"]
[Date "2014.07.13"]
[Round "3.32"]
[White "Nikolovski, Nikola"]
[Black "Iveljic, Igor"]
[Result "1-0"]
[WhiteElo "2017"]
[BlackElo "2294"]
[PlyCount "93"]
[EventDate "2014.07.12"]

1. e4 e5 2. Nf3 Nc6 3. d4 exd4 4. Bc4 Nf6 5. e5 d5 6. Bb5 Ne4 7. Nxd4 Bd7 8.
Bxc6 bxc6 9. O-O Bc5 10. f3 Ng5 11. f4 Ne4 12. Be3 O-O 13. Nd2 Nxd2 14. Qxd2 f6
15. Nb3 Bb6 16. Qc3 fxe5 17. fxe5 Qe7 18. Bc5 Rxf1+ 19. Rxf1 Rf8 20. Re1 Qf7
21. Qe3 Be6 22. a4 d4 23. Bxd4 Bxb3 24. cxb3 Bxd4 25. Qxd4 Qxb3 26. Qxa7 Qxb2
27. e6 Qb6+ 28. Qxb6 cxb6 29. Rb1 Re8 30. Rxb6 Rxe6 31. a5 Re1+ 32. Kf2 Ra1 33.
a6 c5 34. Ke3 h6 35. Kd3 Ra4 36. Kc3 c4 37. Kd4 Kh7 38. Rc6 h5 39. Kc5 c3 40.
Kb5 Ra3 41. Kb4 Ra2 42. Kxc3 Rxg2 43. Kb3 Rg1 44. Rc2 Rg6 45. Ra2 Rb6+ 46. Kc4
Rb8 47. a7 1-0